| 000 | 01395nam0a22002771 4500 | ||
|---|---|---|---|
| 001 | rc\4762815 | ||
| 005 | 20250613075243.0 | ||
| 021 |
_aRU _b[62-75674] |
||
| 035 | _a(NLR Aleph) 009018112 | ||
| 090 |
_a9410799 _c9410799 |
||
| 100 | _a20130417d1962 |||y0rusy50 ca | ||
| 101 | 0 | _arus | |
| 102 | _aRU | ||
| 105 | _ay z ||||| | ||
| 200 | 1 |
_aТезисы докладов _fМ-во высш. и сред. спец. образования УССР. Одес. гос. ун-т им. И.И. Мечникова. Третья межвузовская науч. конференция по вопросам испарения, горения и газовой динамики дисперсных систем. 1-6 окт. 1962 г. |
|
| 210 |
_aОдесса _cБ. и. _d1962 |
||
| 215 |
_a26 с. _d22 |
||
| 606 |
_aГорение _jТезисы докладов _2psbo |
||
| 606 |
_aДисперсные системы _xИсследование _jТезисы докладов _2psbo |
||
| 606 |
_aИспарение _jТезисы докладов _2psbo |
||
| 710 | 1 | 2 | _aМежвузовская научная конференция по вопросам испарения, горения и газовой динамики дисперсных систем (3; 1962; Одесса) |
| 801 | 0 |
_aRU _bNLR _gpsbo |
|
| 801 | 1 |
_aRU _bELAR _2rusmarc |
|
| 852 |
_aNLR _j62-6/11746 |
||
| 942 | _cBOOK | ||
| 980 | _aNB | ||